Datum a čas kvízu
30
Celkem bodů
Celkový počet nahraných bodů na tomto kvízu bez doplňovacích otázek.
11.
Pořadí na kvízu
Konečné umístění týmu na tomto kvízu.
Zaznamenané odpovědi
| # | Otázka | Odpověď | Body | Výsledky |
|---|---|---|---|---|
| 1. | Při informování o rozdělení mi... | prevence | 1 | |
| 2. | Nejen u nás, ale i v jedné sou... | v Polsku | 0 | |
| 3. | Minulý týden proběhl pařížský... | Heidi Klum | 0 | |
| 4. | Minulý týden jsme se dozvěděli... | Venezuela | 1 | |
| 5. | Hokejová extraliga zažila v mi... | HC Sparta Praha, HC Dynamo Pardubice | 1 | |
| 6. | Rozdělení Římské říše mezi Hon... | na konci 4. století | 0 | |
| 7. | Ve 14. století Evropu sevřela... | D | 0 | |
| 8. | Podepsání Mnichovské dohody by... | appeasement (politika appeasementu) | 1 | |
| 9. | Jedním z největších přešlapů m... | Lehman Brothers | 0 | |
| 10. | Jak moc velkou chybou byl či n... | A | 1 |